The apse, the image, and the icon : an historical perspective of the apse as a space for images /

محفوظ في:

المؤلف الرئيسي: Brenk, Beat (مؤلف)

التنسيق: كتاب

اللغة: English

منشور في: Wiesbaden : Reichert, c2010.

سلاسل: Spätantike, frühes Christentum, Byzanz. Reihe B, Studien und Perspektiven ; 26.

الموضوعات:

الوسوم: إضافة وسم

لا توجد وسوم, كن أول من يضع وسما على هذه التسجيلة!

رقم الطلب: N7832 .B74 2010

LEADER 01411namaa2200361 4500
001 25260
003 OSt
005 20250902083100.0
008 130303s2010 gw af b 001 0 eng d
010 |a 2010451575 
020 |a 9783895007033 (alk. paper) 
040 |c ARCE Library 
050 4 |a N7832 .B74 2010 
100 1 |a Brenk, Beat,   |e author  |9 27264 
245 1 4 |a The apse, the image, and the icon :   |b an historical perspective of the apse as a space for images /   |c Beat Brenk. 
264 1 |a Wiesbaden :   |b Reichert,   |c c2010. 
300 |a 131 pages, [74] pages of plates :   |b illustrations (partly color) ;   |c 25 cm. 
490 1 |a Spätantike, frühes Christentum, Byzanz. Reihe B, Studien und Perspektiven ;   |v 26. 
504 |a Includes bibliographical references (p. [111]-127) and index. 
600 0 0 |a Mary,  |c Blessed Virgin, Saint  |v Art. 
650 0 |a Apses (Architecture)  |9 11052 
650 0 |a Art, Early Christian  |x Themes, motives. 
650 0 |a Art, Byzantine  |x Themes, motives. 
650 0 |a Image (Theology) 
650 0 |a Christian art and symbolism  |y To 500. 
650 0 |a Christian art and symbolism  |y Medieval, 500-1500. 
650 0 |a Art and religion  |x History  |y To 1500. 
650 0 |a Space (Art) 
650 0 |a Space (Architecture) 
830 0 |a Spätantike, frühes Christentum, Byzanz. Reihe B, Studien und Perspektiven ;  |v 26. 
901 |a reviewed 
942 |c BK  |2 lcc 
999 |c 21210  |d 21210